1746 1985 1400 1876 1185 1612 1930 1770 1634 1570 1365 1419 1939 1908 1619 1995 1530 1744 1681 1586 1683 1856 1157 1180 1372 1945 1802 1648 1708 1687 1596 1692 1659 1055 1054 1205 1839 1349 1686 1787 1280 1795 1094 1822 1999 1128 1188 1721 1254 1187 1417 1046 1453 1251 1926 1197 1769 1287 1435 1664 1617 1028 1612 1654 1524 1175 1233 1196 1617 1826 1485 1749 1014 1115 1145 1884 1572 1568 1661 1049 1062 1126 1447 1984 1770 1607 1833 1508 1391 1296 1404 1299 1091 1159 1088 1938 1435 1447 1386 BCNSPRNW ULIB Ver.6.0+V

เปลี่ยนเป็นภาษาไทย

Change to English
 แสดงรายละเอียดบรรณานุกรม
  กลับหน้าหลัก

Brief Record : Get Marc (ISO 2709) : E-mail record : QR code < ปิดหน้าต่าง
LEADER : 00000nam 2200000uu 4500
001    13399112460
003     ULIB
008    110816s2550||||th 000 0 tha d
020    9749993934
020    9789749993934
040    bpr
050  4 HN700.55^bส558ท 2550
100 0  สัญญา สัญญาวิวัฒน์
245 10 ทฤษฎีและกลยุทธ์การพัฒนาสังคม /^cสัญญา สัญญาวิวัฒน์
250    พิมพ์ครั้งที่ 7
260    กรุงเทพฯ :^bโรงพิมพ์แห่งจุฬาลงกรณ์มหาวิทยาลัย,^c2550
300    192 หน้า ;^c21 ซม.
650  4 การพัฒนาสังคม
651  7 ไทย^xภาวะสังคม
945    ^p105^l0^i022599
945    ^p105^l0^i022600
995    ทศพร
999 ^a ทศพร
รายการนี้ยังไม่มีแท็ก
คุณยังไม่ได้ล็อกอิน คุณสามารถมีกิจกรรมร่วมกับเว็บไซต์ได้ แต่ต้องล็อกอินก่อน ::
  ล็อกอิน

รายการสื่อสารสนเทศ

ลำดับที่ ประเภท เลขเรียก/บาร์โค้ด สถานที่ สถานะ
1. การศึกษาทั่วไป
การศึกษาทั่วไป
HN700.55 ส558ท 2550 ฉ.2 
  Barcode: 022600
ห้องสมุดวิทยาเขตนครสวรรค์
►หนังสือทั่วไป:l:General Books
บนชั้น

รายการใกล้เคียง
    ผู้แต่ง [สัญญา สัญญาวิวัฒน์]

    หัวเรื่อง [การพัฒนาสังคม]

BibComment


ยังไม่เคยถูกคอมเมนท์

คอมเมนท์ทรัพยากรรายการนี้
  คอมเมนท์: ทฤษฎีและกลยุทธ์กา..


 Copyright 2026. Bcnsprnw @Library